[Event "Hamburg-chT Landesliga 2122"]
[Site "Hamburg"]
[Date "2022.05.15"]
[Round "4.6"]
[White "David, Torsten"]
[Black "Anderberg, Peter"]
[Result "1/2-1/2"]
[WhiteElo "2064"]
[BlackElo "1979"]
[PlyCount "43"]
[EventDate "2021.10.31"]
[EventType "team-tourn"]
[EventRounds "9"]
[EventCountry "GER"]
[SourceTitle "EXT 2023"]
[Source "ChessBase"]
[SourceDate "2022.10.05"]
[SourceVersion "1"]
[SourceVersionDate "2022.10.05"]
[SourceQuality "1"]
[WhiteTeam "St Pauli III"]
[BlackTeam "Marmstorf"]
[WhiteTeamCountry "GER"]
[BlackTeamCountry "GER"]

1. e4 e5 2. f4 d5 3. exd5 exf4 4. Nf3 Nf6 5. Bc4 Nxd5 6. Nc3 Be6 7. Qe2 Be7 8. 0-0 Nxc3 9. bxc3 Bxc4 10. Qxc4 0-0 11. d3 Bd6 12. Bxf4 Nc6 13. Rae1 Bxf4 14. Qxf4 Qd7 15. Re4 Rfe8 16. Rfe1 Rxe4 17. Qxe4 f6 18. Qc4+ Qf7 19. Qb5 Rb8 20. c4 a6 21. Qc5 Qf8 22. Qd5+ 1/2-1/2

[Event "Hamburg-chT Landesliga 1920"]
[Site "Hamburg"]
[Date "2021.08.21"]
[Round "8.38"]
[White "Anderberg, Peter"]
[Black "David, Torsten"]
[Result "1/2-1/2"]
[WhiteElo "2006"]
[BlackElo "2073"]
[PlyCount "55"]
[EventDate "2019.09.29"]
[EventType "team-tourn"]
[EventRounds "9"]
[EventCountry "GER"]
[SourceTitle "EXT 2023"]
[Source "ChessBase"]
[SourceDate "2022.10.05"]
[SourceVersion "1"]
[SourceVersionDate "2022.10.05"]
[SourceQuality "1"]
[WhiteTeam "Marmstorf"]
[BlackTeam "St Pauli III"]
[WhiteTeamCountry "GER"]
[BlackTeamCountry "GER"]

1. d4 Nf6 2. c4 e6 3. Nc3 Bb4 4. Qc2 c5 5. dxc5 Na6 6. a3 Bxc3+ 7. Qxc3 Nxc5 8. f3 d5 9. cxd5 b6 10. b4 Na4 11. Qb3 b5 12. e4 a6 13. Bg5 h6 14. Bh4 exd5 15. Rd1 0-0 16. Rxd5 Be6 17. Rxd8 Bxb3 18. Rd6 Rfd8 19. Rxd8+ Rxd8 20. Ne2 Rd1+ 21. Kf2 Ra1 22. g4 Bc4 23. Bxf6 gxf6 24. Nd4 Ra2+ 25. Kg3 Ra1 26. Kf2 Ra2+ 27. Kg3 Ra1 28. Kf2 1/2-1/2

[Event "Hamburg-chT Landesliga 1819"]
[Site "Hamburg"]
[Date "2019.02.24"]
[Round "7.5"]
[White "Schermer, Denis"]
[Black "David, Torsten"]
[Result "1/2-1/2"]
[WhiteElo "2014"]
[BlackElo "2052"]
[PlyCount "87"]
[EventDate "2018.10.21"]
[EventType "team-tourn"]
[EventRounds "9"]
[EventCountry "GER"]
[SourceTitle "EXT 2020"]
[Source "ChessBase"]
[SourceDate "2019.10.17"]
[SourceVersion "1"]
[SourceVersionDate "2019.10.17"]
[SourceQuality "1"]
[WhiteTeam "Fischbek"]
[BlackTeam "St Pauli III"]
[WhiteTeamCountry "GER"]
[BlackTeamCountry "GER"]

1. d4 Nf6 2. c4 e6 3. Nf3 Bb4+ 4. Bd2 Qe7 5. g3 Nc6 6. Nc3 Bxc3 7. Bxc3 Ne4 8. Rc1 0-0 9. Bg2 d6 10. d5 Nxc3 11. Rxc3 Nb8 12. dxe6 fxe6 13. Nd4 e5 14. Nc2 Nc6 15. b4 Bf5 16. Ne3 Nxb4 17. Qb3 c5 18. 0-0 Nc6 19. Nd5 Qd7 20. e3 Rab8 21. Rd1 e4 22. Qb1 Ne5 23. Bxe4 Nf3+ 24. Kg2 Bh3+ 25. Kh1 Ng5 26. f4 Nxe4 27. Qxe4 Rbe8 28. Qd3 Bf5 29. Qf1 Re6 30. Rd2 Rfe8 31. Qf2 Rh6 32. Kg1 Be4 33. Ra3 b6 34. Nc3 Bc6 35. Nd5 Rhe6 36. Qe2 Bxd5 37. Rxd5 Qe7 38. Kf2 Qf7 39. Qg4 g6 40. h4 Qf6 41. Qe2 R8e7 42. Rad3 a6 43. a4 Qa1 44. Rxd6 1/2-1/2

[Event "Hamburg-chT Landesliga 1516"]
[Site "Hamburg"]
[Date "2016.04.23"]
[Round "8.5"]
[White "David, Torsten"]
[Black "Pajeken, Jakob Leon"]
[Result "1/2-1/2"]
[WhiteElo "2006"]
[BlackElo "1992"]
[PlyCount "94"]
[EventDate "2015.09.20"]
[EventType "team-tourn"]
[EventRounds "9"]
[EventCountry "GER"]
[SourceTitle "EXT 2022"]
[Source "ChessBase"]
[SourceDate "2021.10.06"]
[SourceVersion "1"]
[SourceVersionDate "2021.10.06"]
[SourceQuality "1"]
[WhiteTeam "St Pauli II"]
[BlackTeam "Hamburger SK IV"]
[WhiteTeamCountry "GER"]
[BlackTeamCountry "GER"]

1. e4 e5 2. f4 exf4 3. Nf3 Ne7 4. Bc4 c6 5. Nc3 d5 6. exd5 cxd5 7. Bb5+ Bd7 8. Qe2 a6 9. Bxd7+ Qxd7 10. d4 Qd6 11. Ne5 f6 12. Nd3 g5 13. h4 Nbc6 14. Qh5+ Ng6 15. hxg5 0-0-0 16. 0-0 fxg5 17. Qxg5 Bg7 18. Nxf4 Bxd4+ 19. Kh1 Nge7 20. Bd2 Rhg8 21. Qh5 Qd7 22. Nfe2 Ba7 23. Rf7 d4 24. Ne4 Qg4 25. Qxg4+ Rxg4 26. Rf4 Rxf4 27. Nxf4 Nf5 28. Nd3 Ne3 29. Rc1 Rg8 30. g3 Rf8 31. Bxe3 dxe3 32. Kg2 Kd7 33. Re1 Ke6 34. Rh1 Ne5 35. Nf4+ Kf5 36. Nd6+ Kf6 37. Rxh7 Rd8 38. Ne4+ Kf5 39. Nc3 Rd2+ 40. Nfe2 Bd4 41. Kf1 Bxc3 42. bxc3 Rd1+ 43. Kg2 Rd2 44. Kf1 Rd1+ 45. Kg2 Re1 46. Nd4+ Ke4 47. Rh4+ Kd5 1/2-1/2

[Event "Hamburg-chT Landesliga 1314"]
[Site "Hamburg"]
[Date "2014.04.13"]
[Round "9.3"]
[White "Ludwig, Jan"]
[Black "David, Torsten"]
[Result "1/2-1/2"]
[WhiteElo "2068"]
[BlackElo "2088"]
[PlyCount "38"]
[EventDate "2013.10.13"]
[EventType "team-tourn"]
[EventRounds "9"]
[EventCountry "GER"]
[SourceTitle "EXT 2022"]
[Source "ChessBase"]
[SourceDate "2021.10.06"]
[SourceVersion "1"]
[SourceVersionDate "2021.10.06"]
[SourceQuality "1"]
[WhiteTeam "Hamburg Weisse Dame"]
[BlackTeam "St Pauli II"]
[WhiteTeamCountry "GER"]
[BlackTeamCountry "GER"]

1. e4 c5 2. Nf3 d6 3. d4 cxd4 4. Nxd4 Nf6 5. Nc3 a6 6. Bg5 Nbd7 7. f4 Qc7 8. Qf3 h6 9. Bh4 g5 10. fxg5 hxg5 11. Bxg5 Qc5 12. Be3 Ne5 13. Qd1 Neg4 14. Bg1 Qa5 15. Bd3 Bh6 16. h3 Bg5 17. Qf3 Bd7 18. g3 Ne5 19. Qg2 Rc8 1/2-1/2

[Event "Hamburg-chT Landesliga 1213"]
[Site "Hamburg"]
[Date "2013.04.14"]
[Round "9.5"]
[White "Varain, Ernst Helmuth"]
[Black "David, Torsten"]
[Result "1/2-1/2"]
[WhiteElo "2095"]
[BlackElo "2133"]
[PlyCount "31"]
[EventDate "2012.10.14"]
[EventType "team-tourn"]
[EventRounds "9"]
[EventCountry "GER"]
[SourceTitle "EXT 2022"]
[Source "ChessBase"]
[SourceDate "2021.10.06"]
[SourceVersion "1"]
[SourceVersionDate "2021.10.06"]
[SourceQuality "1"]
[WhiteTeam "Grosshansdorf"]
[BlackTeam "St Pauli"]
[WhiteTeamCountry "GER"]
[BlackTeamCountry "GER"]

1. e4 c5 2. Nf3 d6 3. Bb5+ Bd7 4. Bxd7+ Qxd7 5. c4 Nc6 6. Nc3 g6 7. d4 cxd4 8. Nxd4 Bg7 9. Be3 Nf6 10. f3 0-0 11. Rc1 Rfd8 12. 0-0 e6 13. Qd2 d5 14. exd5 exd5 15. c5 Re8 16. Bf2 1/2-1/2

[Event "Hamburg-chT Landesliga 1213"]
[Site "Hamburg"]
[Date "2013.04.13"]
[Round "8.6"]
[White "Hein, Ralf"]
[Black "David, Torsten"]
[Result "0-1"]
[WhiteElo "2071"]
[BlackElo "2133"]
[PlyCount "71"]
[EventDate "2012.10.14"]
[EventType "team-tourn"]
[EventRounds "9"]
[EventCountry "GER"]
[SourceTitle "EXT 2022"]
[Source "ChessBase"]
[SourceDate "2021.10.06"]
[SourceVersion "1"]
[SourceVersionDate "2021.10.06"]
[SourceQuality "1"]
[WhiteTeam "Hamburg Diogenes II"]
[BlackTeam "St Pauli"]
[WhiteTeamCountry "GER"]
[BlackTeamCountry "GER"]

1. e4 c5 2. Nc3 Nc6 3. Nf3 g6 4. d4 cxd4 5. Nxd4 Bg7 6. Be3 Nf6 7. f3 0-0 8. Qd2 d5 9. Nxc6 bxc6 10. Rd1 Bb7 11. Na4 e5 12. Bc5 Nxe4 13. fxe4 Qh4+ 14. Qf2 Qxe4+ 15. Be2 Qxa4 16. Bxf8 Bxf8 17. 0-0 f5 18. Qg3 Bg7 19. h4 Qxc2 20. Bd3 Qc5+ 21. Kh1 e4 22. Qc7 Qb6 23. Qe7 Qd8 24. Qe6+ Kh8 25. g3 exd3 26. h5 Qg5 27. hxg6 Qxg6 28. Qd7 Ba6 29. Kg2 Re8 30. Rde1 Be5 31. Rf3 d2 32. Rh1 h5 33. Re3 f4 34. Ra3 Be2 35. g4 Bxg4 36. Rd3 0-1

[Event "Oberliga Nord N 0708"]
[Site "Germany"]
[Date "2008.04.06"]
[Round "8.5"]
[White "David, Torsten"]
[Black "Jasnikowski, Zbigniew"]
[Result "1/2-1/2"]
[WhiteElo "2225"]
[BlackElo "2407"]
[PlyCount "67"]
[EventDate "2007.10.21"]
[EventType "team-tourn"]
[EventRounds "9"]
[EventCountry "GER"]
[SourceTitle "EXT 2009"]
[Source "ChessBase"]
[SourceDate "2008.11.26"]
[SourceVersion "1"]
[SourceVersionDate "2008.11.26"]
[SourceQuality "1"]
[WhiteTeam "St Pauli"]
[BlackTeam "Neukloster"]
[WhiteTeamCountry "GER"]
[BlackTeamCountry "GER"]

1. e4 c6 2. d4 d5 3. exd5 cxd5 4. c4 Nf6 5. Nc3 e6 6. Nf3 Be7 7. cxd5 Nxd5 8. Bd3 Nc6 9. 0-0 0-0 10. Re1 Bf6 11. a3 Bd7 12. Bc2 Nxc3 13. bxc3 Rc8 14. Qd3 g6 15. Bh6 Bg7 16. Bxg7 Kxg7 17. h4 Qa5 18. c4 Qf5 19. Qd2 Qf6 20. Be4 b6 21. Rad1 Na5 22. c5 Ba4 23. Rb1 Rfd8 24. Qb4 Bc6 25. cxb6 Bxe4 26. Rxe4 Nc6 27. Qd2 Qf5 28. Ree1 axb6 29. Rxb6 Qd5 30. Qb2 Nxd4 31. Rb4 Rc4 32. Rxc4 Qxc4 33. Nxd4 Qxd4 34. Qxd4+ 1/2-1/2

[Event "Oberliga Nord N 9900"]
[Site "Germany"]
[Date "2000.??.??"]
[Round "?"]
[White "Plueg, Andreas"]
[Black "David, Torsten"]
[Result "1-0"]
[WhiteElo "2357"]
[BlackElo "2180"]
[PlyCount "83"]
[EventDate "1999.10.??"]
[EventType "team-tourn"]
[EventRounds "9"]
[EventCountry "GER"]
[SourceTitle "EXT 2001"]
[Source "ChessBase"]
[SourceDate "2000.11.22"]
[SourceVersion "1"]
[SourceVersionDate "2000.11.22"]
[SourceQuality "1"]

1. Nf3 Nf6 2. c4 e6 3. b3 b6 4. g3 Bb7 5. Bg2 c5 6. Bb2 Be7 7. 0-0 0-0 8. Qc2 d5 9. Ng5 Nbd7 10. Nc3 h6 11. Nh3 Qc8 12. cxd5 exd5 13. Nf4 d4 14. Ncd5 Bd8 15. Qf5 Re8 16. e3 Nxd5 17. Bxd5 Bxd5 18. Qxd5 Nf6 19. Qf3 Ne4 20. Rad1 Bc7 21. Nd5 Ng5 22. Qg2 d3 23. h4 Ne4 24. f3 Nd6 25. g4 Qd7 26. g5 Nf5 27. Nxc7 Qxc7 28. f4 Nxh4 29. Qg4 hxg5 30. Qxg5 Ng6 31. f5 Qe7 32. Qg2 Qh4 33. fxg6 f6 34. Rf4 Qh5 35. Rdf1 Rad8 36. Qg4 Qxg4+ 37. Rxg4 Rd5 38. Kg2 Rh5 39. Rh1 Rxh1 40. Kxh1 f5 41. Rg5 f4 42. exf4 1-0

[Event "Oberliga Bayern 9394"]
[Site "Bayern"]
[Date "1994.02.27"]
[Round "6.4"]
[White "Boehm, Uwe"]
[Black "David, Torsten"]
[Result "0-1"]
[WhiteElo "2200"]
[BlackElo "2155"]
[PlyCount "70"]
[EventDate "1993.10.10"]
[EventType "team-tourn"]
[EventRounds "9"]
[EventCountry "GER"]
[SourceTitle "EXT 2020"]
[Source "ChessBase"]
[SourceDate "2019.10.17"]
[SourceVersion "1"]
[SourceVersionDate "2019.10.17"]
[SourceQuality "1"]
[WhiteTeam "Muenchen Siemens"]
[BlackTeam "Erlangen TB"]
[WhiteTeamCountry "GER"]
[BlackTeamCountry "GER"]

1. d4 Nf6 2. Nf3 b5 3. c3 a5 4. Bg5 Bb7 5. Nbd2 d5 6. e3 b4 7. Bb5+ c6 8. Bd3 e6 9. 0-0 Be7 10. Ne5 0-0 11. f4 c5 12. Bxf6 Bxf6 13. Ng4 g6 14. Nxf6+ Qxf6 15. Nf3 Ba6 16. Bxa6 Rxa6 17. Ne5 Qe7 18. Qa4 c4 19. Rae1 Qb7 20. Rf2 Nc6 21. h4 Rb6 22. h5 Kg7 23. Qd1 Rb8 24. Qg4 Qe7 25. Qh3 bxc3 26. Nxc6 Rxc6 27. bxc3 Rcb6 28. h6+ Kf8 29. e4 dxe4 30. Rxe4 Rb1+ 31. Rf1 Rxf1+ 32. Kxf1 Qa3 33. Qe3 Rb1+ 34. Kf2 Rc1 35. d5 Qb2+ 0-1

[Event "Oberliga Bayern 9394"]
[Site "Bayern"]
[Date "1993.12.05"]
[Round "3.3"]
[White "Stierhof, Michael"]
[Black "David, Torsten"]
[Result "0-1"]
[WhiteElo "1995"]
[BlackElo "2155"]
[PlyCount "108"]
[EventDate "1993.10.10"]
[EventType "team-tourn"]
[EventRounds "9"]
[EventCountry "GER"]
[SourceTitle "EXT 2020"]
[Source "ChessBase"]
[SourceDate "2019.10.17"]
[SourceVersion "1"]
[SourceVersionDate "2019.10.17"]
[SourceQuality "1"]
[WhiteTeam "Nuernberg Grundig SC"]
[BlackTeam "Erlangen TB"]
[WhiteTeamCountry "GER"]
[BlackTeamCountry "GER"]

1. c4 Nf6 2. g3 c5 3. Bg2 Nc6 4. Nc3 g6 5. e3 Bg7 6. Nge2 e6 7. d4 cxd4 8. exd4 d5 9. c5 b6 10. b4 bxc5 11. dxc5 a6 12. 0-0 0-0 13. Rb1 Rb8 14. a3 h6 15. Bb2 Ne5 16. Nd4 Qc7 17. Re1 Nc4 18. Bc1 Rd8 19. f4 Ne4 20. Qd3 Nxc3 21. Qxc3 e5 22. fxe5 Nxe5 23. Bf4 g5 24. Nb5 axb5 25. Bxe5 Bxe5 26. Qxe5 Qxe5 27. Rxe5 Be6 28. Rd1 Kg7 29. Rd4 Kf6 30. Re3 Ra8 31. Bf1 Rdb8 32. Bg2 Rd8 33. Bf1 Rdb8 34. Kf2 Ra7 35. Rc3 Ke5 36. Ke3 Rba8 37. Bxb5 Rxa3 38. Rxa3 Rxa3+ 39. Rd3 d4+ 40. Ke2 Bg4+ 41. Ke1 Ra1+ 42. Kd2 Ra2+ 43. Ke1 Be2 44. Bc4 Rc2 45. Rd2 Rxd2 46. Bxe2 Rb2 47. c6 Ke4 48. b5 Ke3 49. c7 Rb1+ 50. Bd1 Rc1 51. b6 d3 52. b7 d2+ 53. Kf1 Rxd1+ 54. Kg2 Rg1+ 0-1

[Event "Oberliga Bayern 9394"]
[Site "Bayern"]
[Date "1993.10.10"]
[Round "1.3"]
[White "David, Torsten"]
[Black "Frieser, Klaus"]
[Result "0-1"]
[WhiteElo "2155"]
[BlackElo "2205"]
[PlyCount "80"]
[EventDate "1993.10.10"]
[EventType "team-tourn"]
[EventRounds "9"]
[EventCountry "GER"]
[SourceTitle "EXT 2020"]
[Source "ChessBase"]
[SourceDate "2019.10.17"]
[SourceVersion "1"]
[SourceVersionDate "2019.10.17"]
[SourceQuality "1"]
[WhiteTeam "Erlangen TB"]
[BlackTeam "Kelheim SC"]
[WhiteTeamCountry "GER"]
[BlackTeamCountry "GER"]

1. e4 e5 2. f4 Bc5 3. Nf3 d6 4. Nc3 Nf6 5. Bc4 Nc6 6. d3 a6 7. Nd5 Bg4 8. c3 h6 9. h3 Be6 10. Bd2 0-0 11. Qc2 Bxd5 12. exd5 Na5 13. b4 Nxc4 14. dxc4 e4 15. bxc5 exf3 16. 0-0-0 f2 17. Be3 Re8 18. Bxf2 Ne4 19. Rhe1 Nxf2 20. Qxf2 Qf6 21. Qd4 Qh4 22. Re3 dxc5 23. Qd2 Rxe3 24. Qxe3 b5 25. Rd2 bxc4 26. Qe5 Qg3 27. Kc2 Rb8 28. d6 cxd6 29. Qxd6 Re8 30. Qc6 Qe3 31. f5 Rb8 32. Qd5 Qf4 33. g4 Qf1 34. Rd1 Qxh3 35. Qxc4 Qg2+ 36. Rd2 Qb7 37. Kd1 Qb1+ 38. Ke2 Re8+ 39. Kf3 Qe1 40. Re2 Qf1+ 0-1